000 00695nam a22002057a 4500
005 20140827122106.0
010 _aENG-110598
020 _a9780198099789
_c995.00
035 _aEN-94130
037 _bDBAD/PUB
082 _a621.3822
100 _aRohit Prasad
245 _aThe dynamics of spectrum management :
_cby Rohit Prasad [and] V. Sridhar
_blegacy, technology and economics /
260 _aNew Delhi
_bOxford University Press
_c2014
270 _aYMCA Library Building, 1 Jai Singh Road
_bNew Delhi
_e110001
300 _axx,366p.
_c23cm(Hb)
500 _aIncludes bibliographical references and index
700 _aSridhar, V.
942 _2ddc
_cEN
_mROH
_h621.3822
999 _c87583
_d87583